000 00782nam a2200277 i 4500
999 _c21184
_d21184
001 1363110
003 BDDh-ASL
005 20231015025956.0
008 800410s1979 enka b 001 0 eng
010 _a 80467724
015 _aGB***
020 _a0856648000 :
_c£10.95
020 _a0709901798 (pbk.)
040 _aDLC
_cDLC
_dDLC
_dBDDh-ASL
050 0 0 _aBP163
_b.S35
082 0 0 _a909.0976
_bSAF
100 1 _aSardar, Ziauddin.
245 1 4 _aThe future of Muslim civilisation /
_cZiauddin Sardar.
260 _aLondon :
_bCroom Helm,
_cc1979.
300 _a288 p. :
_bill. ;
_c23 cm.
500 _aIncludes index.
504 _aBibliography: p. 251-271.
650 0 _aIslam
_y20th century.
906 _a7
_bcbc
_corignew
_d4
_encip
_f19
_gy-gencatlg
942 _2ddc
_cBK